| 000 | 00646nam a2200229Ia 4500 | ||
|---|---|---|---|
| 003 | OSt | ||
| 005 | 20221006165631.0 | ||
| 006 | a|||||r|||| 00| 0 | ||
| 007 | ta | ||
| 008 | 221006b |||||||| |||| 00| 0 eng d | ||
| 024 | _a236 | ||
| 037 | _cTextual | ||
| 040 |
_aFML _cFML _beng |
||
| 041 |
_2eng _aeng |
||
| 082 | _aP15z7, 111L7 | ||
| 100 | _aChatterji Suniti Kumar Ed. | ||
| 245 | 0 | _aSome Aspects Of Indo Iranian Literary And Cultural Traditions | |
| 260 |
_aDelhi _bAjanta Publication _c1977 |
||
| 300 |
_a157 _ccm. |
||
| 942 |
_hP15z7, 111L7 _cTEXL _2CC |
||
| 999 |
_c1121527 _d1121527 |
||